One bullet left : poems /

Saved in:
Bibliografiske detaljer
Hovedforfatter: Gasparini, Len
Format: Bog
Sprog:English
Udgivet: Guelph, Ont. : Alive Press, 1974.
LEADER 00773nam a2200229 i 4500
001 c000036110
003 CARM
005 00000000000000.0
008 750305s1974 onc 00010 eng
015 |a C*** 
019 1 |a 260299  |5 LACONCORD2021 
020 |a 0919568408 
035 |a (OCoLC)1267068  |5 LACONCORD2021 
050 0 0 |a PR9199.3.G36  |b O5 
100 1 |a Gasparini, Len. 
245 1 0 |a One bullet left :  |b poems /  |c by Len Gasparini. 
260 |a Guelph, Ont. :  |b Alive Press,  |c 1974. 
300 |a 58 p. ;  |c 21 cm. 
852 8 |b CARM  |h A2:AE38C0  |i B00740  |p 0039617  |f BK 
082 0 4 |a 811/.5/4 
999 f f |i d16a4b3f-04ed-5713-8032-0bf30cdc5fb2  |s 41fcc096-d948-56e4-a943-ebaade78fa0e 
952 f f |p Can circulate  |a CAVAL  |b CAVAL  |c CAVAL  |d CARM 1 Store  |e B00740  |f A2:AE38C0  |h Other scheme  |i book  |m 0039617